Bài tập giải tích hàm
Nội dung đề cập tới những kíen thức cần thiết, không thể thiếu được về giải thích hàm như không gian Metric, không gian định chuẩn, không gian Hilbert, phổ của toán tử tuyến tính bị chặn. Nội dung mỗi chương bao gồm tóm tắt lý thuyết, đe...
Gardado en:
| Autor Principal: | |
|---|---|
| Formato: | Libro |
| Idioma: | Undetermined |
| Publicado: |
Hà Nội
Khoa học và Kỹ thuật
2009
|
| Những chủ đề: | |
| Các nhãn: |
Engadir etiqueta
Sen Etiquetas, Sexa o primeiro en etiquetar este rexistro!
|
| Thư viện lưu trữ: | Trung tâm Học liệu Trường Đại học Cần Thơ |
|---|
| LEADER | 01056nam a2200205Ia 4500 | ||
|---|---|---|---|
| 001 | CTU_161857 | ||
| 008 | 210402s9999 xx 000 0 und d | ||
| 020 | |c 38000 | ||
| 082 | |a 515.7 | ||
| 082 | |b H600 | ||
| 100 | |a Nguyễn, Phụ Hy | ||
| 245 | 0 | |a Bài tập giải tích hàm | |
| 245 | 0 | |c Nguyễn Phụ Hy, Hoàng Ngọc Tuấn, Nguyễn Văn Tuyên | |
| 260 | |a Hà Nội | ||
| 260 | |b Khoa học và Kỹ thuật | ||
| 260 | |c 2009 | ||
| 520 | |a Nội dung đề cập tới những kíen thức cần thiết, không thể thiếu được về giải thích hàm như không gian Metric, không gian định chuẩn, không gian Hilbert, phổ của toán tử tuyến tính bị chặn. Nội dung mỗi chương bao gồm tóm tắt lý thuyết, đề bài tập, bài tập nâng cao, hướng dẫn giải. | ||
| 650 | |a Functional analysis,Giải tích hàm | ||
| 904 | |i Qhieu | ||
| 980 | |a Trung tâm Học liệu Trường Đại học Cần Thơ | ||